01618nam a2200361 a 4500001001000000003000500010005001700015008004100032010001100073011001100084040000900095090001000104100004100114245021000155260004100365500006000406502011100466590004100577590004000618590004000658590004000698650003500738650002800773650003900801650002800840856007000868901000700938942001000945942000600955999001900961952013600980952014001116000111022CHAP20220329144154.0141125s2014 mx a fsm |||||||spa d a107484 a108456 cCHAP aTesis1 aGarcía Matamoros, Mauricio912881210aAnálisis económico y agronómico de la agricultura por contrato en maíz blanco del ciclo P-V 2013 en el distrito de desarrollo rural de libres, Pueblah[En línea]cpor Mauricio García Matamoros. aChapingo, Méx. :bEl autor,c2014. aPara ver el contenido del material haga clic en la liga aTesis (Ing. Agr. Esp. en Economía Agrícola) -- UACH. División de Ciencias Económico Administativas aE11695DGDb10c20141125lUCH01h1407 aE5995AHEb05c20141125lUCH01h1148 aE5995AHEb05c20141125lUCH01h1148 aE5995AHEb05c20141125lUCH01h115614aAgricultura contractual.9194414aMaízxCalidad.97089414aMaízxComercialización.97090714aMaízxPrecios.971039 aFinding aiduhttp://10.13.5.2/tesis/sist111022.pdfzTeclea aquí aBK cTESIS n0 c107484d107484 00104054718TESISaBCbBCd2014-11-25fTESISl0oTesisp33724002432991r2019-12-31 00:00:00w2019-12-31yTESISzRecien adquirido 00102local4053708TESISaBCbBCcPA_TESISd2014-11-25fTESISl0oTesisp33724002433033r2019-12-31 00:00:00tc.2w2019-12-31yTESIS